Statistics for Introduction to Genetics Quiz #1

Click here to take the quiz!

General Stats

  • This quiz has been taken 391 times
  • The average score is 9 of 15

Answer Stats

HintAnswer% Correct
Threadlike bodies that are made of genes ; Found in the NucleusChromosomes
82%
Male sex cellSperm
82%
DNA stands forDeoxyribonucleic Acid
76%
Every genetic instruction that codes a particular traitGene
75%
Process responsible for cell growth, replacement and repairMitosis
75%
Process responsible for the production of sex cellsMeiosis
74%
Technical term for sex cellsGametes
64%
Cell created in fertilisationZygote
61%
The physical expression of the above answer and the environmentPhenotype
58%
Double set of genetic instructions that defines who you areGenotype
56%
Female sex cellOva
52%
Process responsible for the fusion of sex cellsFertilisation
47%
All cells that are not sex cells ; body cellsSomatic Cells
42%
a chromosome, differing in shape or function from other chromosomes, that determines the sex of an individualSex Chromosomes
34%
Any chromosome that is not the above type of chromosomeAutosomes
25%

Score Distribution

Percentile by Number Answered

Percent of People with Each Score

Your Score History

You have not taken this quiz